New developments in categorical data analysis for the social and behavioral sciences (Record no. 2542)
[ view plain ]
| 000 -LEADER | |
|---|---|
| fixed length control field | 00333nam a22001217a 4500 |
| 020 ## - INTERNATIONAL STANDARD BOOK NUMBER | |
| International Standard Book Number | 0805847286 |
| 082 ## - DEWEY DECIMAL CLASSIFICATION NUMBER | |
| Classification number | 300.15195 |
| 100 ## - MAIN ENTRY--PERSONAL NAME | |
| Personal name | Andries Van der Ark |
| 245 ## - TITLE STATEMENT | |
| Title | New developments in categorical data analysis for the social and behavioral sciences |
| 260 ## - PUBLICATION, DISTRIBUTION, ETC. | |
| Place of publication, distribution, etc. | London |
| Name of publisher, distributor, etc. | Lawrence Erlbaum |
| Date of publication, distribution, etc. | 2005 |
| 300 ## - PHYSICAL DESCRIPTION | |
| Extent | 261 |
| 942 ## - ADDED ENTRY ELEMENTS (KOHA) | |
| Koha item type | Book |
| Withdrawn status | Lost status | Source of classification or shelving scheme | Damaged status | Not for loan | Permanent Location | Current Location | Shelving location | Date acquired | Full call number | Barcode | Date last seen | Price effective from | Koha item type |
|---|---|---|---|---|---|---|---|---|---|---|---|---|---|
| Central Library (CL) | Central Library (CL) | General Stacks | 01/26/2016 | 001.42 NEW | S3H-P-11 | 01/26/2016 | 01/26/2016 | Book | |||||
| Central Library (CL) | Central Library (CL) | General Stacks | 04/27/2016 | 001.42 NEW | S3H-P-12 | 04/27/2016 | 04/27/2016 | Book | |||||
| Central Library (CL) | Central Library (CL) | General Stacks | 04/27/2016 | 001.42 NEW | S3H-P-13 | 04/27/2016 | 04/27/2016 | Book | |||||
| Central Library (CL) | Central Library (CL) | General Stacks | 04/27/2016 | 001.42 NEW | S3H-P-14 | 07/26/2021 | 04/27/2016 | Book | |||||
| Central Library (CL) | Central Library (CL) | General Stacks | 04/27/2016 | 001.42 NEW | S3H-P-15 | 04/27/2016 | 04/27/2016 | Book |
